[Event "Munich SKA"]
[Site "Munich"]
[Date "1993.??.??"]
[Round "2"]
[White "Jussupow, Artur"]
[Black "Gurevich, Mikhail"]
[Result "1-0"]
[WhiteElo "2645"]
[BlackElo "2610"]
[Annotator "Jussupow,A"]
[PlyCount "195"]
[EventDate "1993.05.??"]
[EventType "tourn"]
[EventRounds "11"]
[EventCountry "GER"]
[EventCategory "16"]
[SourceTitle "CBM 036"]
[Source "ChessBase"]
[SourceDate "1993.10.01"]
[SourceVersion "1"]
[SourceVersionDate "1993.10.01"]
[SourceQuality "1"]

1. d4 d5 2. c4 c6 3. Nf3 Nf6 4. Nc3 e6 5. Bg5 h6 6. Bxf6 Qxf6 7. e3 Nd7 8. Bd3
dxc4 9. Bxc4 Bd6 10. O-O Qe7 11. Ne4 Bc7 12. Rc1 O-O 13. Qc2 Rd8 14. Rfd1 a5
15. Bb3 Nf8 16. a3 Bd7 17. Nc5 Rab8 $146 (17... Ra7 18. e4 Be8 19. e5 $14 {
Yusupov-Dreev/Tilburg/1992}) 18. e4 $1 $14 {()} Bc8 {/\b6} (18... Be8 $142 19.
e5 Bb6 20. Ne4 $14) 19. Nd3 $5 Ng6 (19... Bd7 20. e5 $16 {/\Nf4}) 20. e5 Nh4 $6
(20... Bd7) 21. Nde1 $1 $16 Nxf3+ (21... Ng6 $5) 22. Nxf3 Bd7 23. Qe4 (23. Nd2
{/\Ne4} c5 $1 $132 {/\Bc6} 24. Ne4 Bc6 25. Nxc5 Bb6 $44) 23... c5 $5 (23... Be8
24. h4 $16 {/\h5, Bc2}) 24. Rxc5 (24. dxc5 $2 Bc6 25. Qe3 Bxf3 26. gxf3 Qg5+
$10) (24. d5 exd5 25. Bxd5 b5 $13) 24... Bc6 (24... Bb6 25. Rc3 $16) 25. Qf4
Bxf3 $5 {^-} 26. gxf3 $1 (26. Qxf3 $2 Rxd4 $1 $10) 26... b5 (26... Bb6 27. Rc3
$16) 27. Kh1 {/\Rg1->} Bb6 $5 28. Rxb5 Ba7 $1 (28... Bxd4 $6 29. Qxd4 $3 Rxd4
30. Rxb8+ Kh7 31. Rxd4 $18) 29. Rxb8 (29. a4 $6 Rxb5 30. axb5 Qb4) 29... Rxb8
30. Bc4 $5 (30. Rd3 a4 31. Bxa4 Rxb2 $132) 30... Rxb2 31. d5 exd5 32. Rxd5 Bxf2
$5 (32... Rxf2 33. Rxa5 Rb2 34. Qxf7+ Qxf7 35. Bxf7+ Kxf7 36. Rxa7+ $16) 33.
Rxa5 Qd8 (33... Ba7 34. Qxf7+ $16) 34. Bxf7+ (34. Qxf7+ $2 Kh8 35. Rd5 Rb1+ 36.
Kg2 Qg5+ $40) 34... Kh8 35. Bd5 $6 (35. Rd5 $1 Qc8 36. Bg6 $18) (35. Qa4 $6 {
/\Ra8} Rb1+ 36. Kg2 Qg5+ 37. Kh3 Qf5+) 35... Be3 $3 (35... Rb8 $2 36. e6 $1 Be3
37. Qxb8 $18) 36. Qa4 $3 (36. Qf5 $2 Rb8 $1 $19) 36... Rb1+ $1 (36... Rb8 37.
Ra8 $18) 37. Kg2 Qg5+ $2 {(+)} (37... Rb8 $142 38. Ra8 $140 Qg5+ 39. Kh3 Qxe5
$16) 38. Kh3 $18 Qxe5 (38... Qh5+ 39. Qh4 $18) (38... Qf5+ 39. Qg4 $18) 39.
Ra8+ $2 {(+)} Rb8 40. Rxb8+ Qxb8 $16 41. Qc2 $1 Bf4 42. a4 Bc7 43. Qg6 Qc8+ (
43... Bxh2 44. Be4 Kg8 45. a5 $16) 44. Be6 Qa8 45. Qf7 Qd8 46. Bf5 Qa8 47. Kg4
$5 (47. Be4 Qc8+ 48. Kg2 Qd8) 47... Bxh2 48. Qg6 Kg8 49. Be6+ Kh8 50. a5 Qb8
51. Kh3 Bc7 52. Bf5 Kg8 53. Be6+ Kh8 54. a6 Bb6 55. Bf5 Kg8 56. Qe6+ Kh8 (56...
Kf8 $4 57. Bg6 $18) 57. Qg6 Kg8 58. Be4 Qc8+ 59. Kg2 Qd8 {/\Qg5} 60. Qe6+ Kh8
61. Kh3 Qb8 62. Qf5 Kg8 (62... Qg8 $5) 63. f4 (63. Qd7 Kh8 64. f4 Ba7 65. Bd3
Bb6 66. Qf5 Qg8 $1 $16) 63... Qd8 $1 64. Kg3 Ba7 65. Bb1 $6 (65. Bc2 Qb6 $1)
65... Bf2+ $3 (65... Bb6 66. Bc2 Ba7 67. Kg4 Qb6 68. Kh5 Qc5 69. Bb3+ Kh8 70.
Bd5 Bb6 71. Qe6 Qf8 $16) 66. Kg2 (66. Kxf2 Qd2+ 67. Kf3 Qd1+ 68. Ke3 Qe1+ 69.
Kd4 Qb4+ 70. Kd5 Qb5+ $10) 66... Qd2 67. Qe6+ Kf8 68. Kf3 (68. Bg6 Ba7+ 69. Kf3
$2 Qf2+ 70. Kg4 Qg2+ 71. Kf5 $4 Qh3+ 72. Ke5 Bb8+ 73. Kd5 Qb3+ $19) (68. Ba2
Qxf4) 68... Bg1 $1 69. Qf5+ (69. Ba2 Qf2+ 70. Kg4 h5+ $1 71. Kxh5 Qh2+ $10)
69... Ke7 70. Qe5+ Kd8 71. Qb8+ Ke7 72. Qc7+ Kf8 73. Qc8+ Ke7 74. Qb7+ Kd8 75.
Be4 $14 Qf2+ $6 (75... g5 $5) (75... Qd1+) 76. Kg4 Qa7 77. Qb3 $1 $16 Bd4 (
77... Qxa6 78. Qd1+ $18) 78. Bf5 Kc7 79. Qd5 (79. Qb5 $5 $16) 79... Bf6 80.
Qd7+ Kb6 81. Qd6+ Ka5 $1 (81... Kb5 $2 82. Bd7+ Kc4 (82... Ka5 83. Qa3+ Kb6 84.
Qe3+ Kxa6 85. Bc8+ $18) 83. Qc6+ Kd4 (83... Kd3 84. Bf5+ Kd4 (84... Ke3 85.
Qe4+ Kd2 86. Qc2+ Ke1 (86... Ke3 87. Qd3+ Kf2 88. Qd2+ $18) 87. Kf3 $18) 85.
Qd7+ $18) (83... Kb4 84. Qb7+ $18) 84. Be6 {/\Qd7} Ke3 (84... h5+ 85. Kf3 $18)
(84... Qb8 85. Qb7 Qd6 86. Qd7 $18) (84... Be7 85. Qc4+ Ke3 86. Qc1+ $18) 85.
Qc1+ Kd3 (85... Kf2 86. Qd2+ Kg1 87. Kf3 Qa8+ 88. Bd5 $18) (85... Ke4 86. Qb1+
$1 Ke3 87. Qg1+ $18) 86. Bc4+ Ke4 87. Qh1+ Kd4 88. Qg1+ $18) 82. Qa3+ (82. Bd3
Be7 $5) 82... Kb5 (82... Kb6 $4 83. Qe3+ $18) 83. Bd3+ (83. Qb3+ $5 Ka5 $5 (
83... Kc6 $6 84. Be4+ $1 Kc7 $1 85. Qc4+ Kb6 $1 86. Qc6+ Ka5 87. Bd3 Qb6 $16) (
83... Kc5 84. Qb7 Qb6 85. Be4 Qe6+ 86. Kg3 $140 g5 87. a7 gxf4+ 88. Kh2 Qa2+)
84. Qa3+) 83... Kc6 (83... Kb6 $5 84. Qd6+ Ka5 $16) 84. Qc1+ $1 Kd6 (84... Kd5
85. Bb5) (84... Kd7 85. Bb5+ Kd8 86. Qc6 Qg1+ 87. Kf5 (87. Kh5 $5) 87... Qb1+
88. Ke6 Qb3+ 89. Bc4 Qe3+ 90. Kf7 Qe7+ 91. Kg6 Bd4 92. Qa8+ Kc7 93. Qb7+ Kd8
94. Qb8+ Kd7 95. Bb5+ Ke6 96. Qc8+ Kd6 97. Qc6#) 85. Bb5 {/\Qc6,Qb7} Bd4 $6 (
85... Qb6 86. Qa3+ Kc7 87. a7 Qe6+ $1 (87... Qg1+ 88. Kf5 Qb1+ 89. Bd3 $18) (
87... h5+ 88. Kh3 Qe6+ 89. Kh2 $18) 88. Kg3 Qe1+ 89. Kg2 $1 Qe4+ 90. Kh3 Qe6+
$140 (90... Qh1+ 91. Kg4 $18) 91. Kh2) (85... Qa8 $2 86. Qa3+ $1 Ke6 (86... Kc7
87. Qc5+ $18) 87. Qe3+ Kf7 88. Qe8+ $18) (85... h5+ 86. Kf5 Qb6 87. Qc4 Ke7 (
87... Bd4 88. a7 g6+ (88... Qxa7 89. Qc6+ Ke7 90. Qe6+ Kd8 91. Qd6+ Kc8 92.
Ba6+ $18) 89. Ke4 Qb7+ 90. Kxd4 Qxa7+ 91. Kd3 Qa3+ 92. Ke4 Qa8+ 93. Ke3 $18)
88. Qd5 $1 g6+ 89. Kxg6 Qg1+ 90. Kh6 Qg7+ 91. Kxh5 $18) (85... Ke7 $5 86. Qa3+
Ke6 $16 (86... Kd8 87. Qd6+ $18) (86... Kf7 87. Bc4+ Ke8 88. Qd6 $16)) 86. Qc6+
Ke7 87. f5 $1 Qb6 (87... Bf2 88. Qe6+ Kd8 89. Qg8+ Kc7 90. Qxg7+ Kb6 91. Qxa7+
Kxa7 92. Kh5 Be3 93. Kg6 $18) (87... Bc5 $5 88. Qd5 (88. Qe6+ Kd8 89. Qg8+ Kc7
90. Qxg7+ Kb6 91. f6 Bd4 $1 92. Qe7 Bc5) 88... Qb6 89. Qd7+ Kf6 90. a7 h5+ 91.
Kxh5 g6+ 92. Kg4 $1 Qxa7 93. Qe6+ Kg7 94. f6+ Kh6 (94... Kh7 95. Bd7 $18) 95.
Qe5 Qa2 (95... Kh7 96. Qh2+ Kg8 97. Bc4+ $18) (95... Bg1 96. Qg5+ $18) 96. Qf4+
Kh7 97. Qc7+ $18) 88. Qd7+ Kf6 89. Bc4 $18 (89. a7 h5+ 90. Kxh5 (90. Kf3 $2 Bg1
) 90... g6+ 91. Kh6 $1 Be3+ 92. Kh7 Qxa7 93. Qxa7 Bxa7 94. fxg6 $18) 89... h5+
90. Kxh5 Ke5 91. Kg4 $1 Qd6 (91... Ke4 92. Qe6+ $18) 92. Qxg7+ Ke4 93. Qb7+ Ke5
94. Qh1 Qc5 95. Qh2+ Kf6 96. Qh6+ Ke7 97. Qe6+ Kd8 98. Qd5+ 1-0

[Event "Interpolis"]
[Site "Tilburg"]
[Date "1992.10.14"]
[Round "3.1"]
[White "Jussupow, Artur"]
[Black "Dreev, Alexey"]
[Result "1-0"]
[WhiteElo "2640"]
[BlackElo "2590"]
[Annotator "Jussupow,A"]
[PlyCount "81"]
[EventDate "1992.10.08"]
[EventType "k.o."]
[EventRounds "7"]
[EventCountry "NED"]
[SourceTitle "CBM 032"]
[Source "ChessBase"]
[SourceDate "1993.02.01"]
[SourceVersion "1"]
[SourceVersionDate "1993.02.01"]
[SourceQuality "1"]

1. d4 d5 2. c4 c6 3. Nf3 Nf6 4. Nc3 e6 5. Bg5 h6 6. Bxf6 Qxf6 7. e3 Nd7 8. Bd3
dxc4 9. Bxc4 Bd6 10. O-O (10. Ne4 Bb4+ 11. Ke2 Qe7 12. Qc2 $13 {Sveshnikov ECO
D43/(157)}) 10... Qe7 (10... O-O $6 11. Ne4 Qe7 12. Nxd6 Qxd6 13. e4 {/\e5+/-
Sveshnikov ECO D43/(158)}) 11. Ne4 (11. Qd3 O-O 12. Ne4 Bc7 13. Ng3 e5 14. Bb3
Re8 15. Bc2 Nf6 16. dxe5 Bxe5 17. Nxe5 Qxe5 18. e4 Be6 $10 {Beliavsky,
A-Dolmatov,S/USSR-ch/1979/}) (11. Rc1 O-O 12. Qe2 e5 13. Ne4 exd4 14. Nxd6 Qxd6
15. Rfd1 Qe7 16. Rxd4 Nf6 $10 {Gheorghiu,F-Larsen,B/Buenos Aires/1979/}) (11.
e4 {-ECO D43/30}) 11... Bc7 12. Rc1 O-O 13. Qc2 (13. Qe2 Rd8 (13... e5 14. d5
Nb6 15. dxc6 bxc6 16. Ba6 f5 17. Ng3 c5 18. Bxc8 Raxc8 19. e4 g6 20. Rfd1 f4
21. Nf1 g5 22. h3 $14 {Razuvaev,Y-Dolmatov,S/USSR-ch/1980/}) 14. Rfd1 (14. Bb3
Nf8 (14... a5 $5 15. a3 Nf6 $6 (15... Kh8 {/\Nf8,Bd7-e8,f7-f6}) 16. Nxf6+ Qxf6
17. Rfd1 $16 {Bareev,E-Anand,W/Linares/1992/}) (14... Rb8 15. h3 Kh8 16. Rfd1
Nf8 17. Ne5 Bd7 18. f4 Be8 $10 {Ribli,Z-Kuczynski,R/Tilburg/1992/}) 15. Ne5 Rb8
16. f4 f6 17. Nd3 $14 {Cebalo,M-Kuczynski,R/Polanica Zdroj/1992/}) 14... Nf8
15. Ne5 Bd7 16. f4 Be8 17. a3 a5 18. Ba2 Kh8 19. Qf3 a4 $1 $132 {Razuvaev,
Y-Dreev,A/Moscow/1989/}) (13. Bb3) 13... Rd8 (13... b6 14. Bb5 cxb5 15. Qxc7
$16) (13... Rb8 14. Bb3 Nf6 $6 15. Nxf6+ Qxf6 16. Qc5 Bb6 17. Qc3 Bd7 18. Ne5
Qe7 19. Bc2 Bc7 20. f4 $16 {Razuvaev,Y-Yusupov,A/USSR-ch/1980/}) (13... Kh8 14.
a3 (14. Rfd1 $5) 14... e5 $5 15. Ng3 Nb6 16. Ba2 exd4 17. Nxd4 Bd7 $10 {
Cramling,P-Knaak,R/Hamburg/1991/}) 14. Rfd1 (14. Bb3 $5 Nf8 15. Rfd1 Rb8 16. a3
Bd7 17. Nc5 Be8 18. Qe4 Nh7 (18... Bd6 19. Ne5 Kh8 20. Ned3 $14 {1/4-1/4/
Schmidt,W-Kuczynski,R/Poland-ch/1991/}) 19. Nd3 Ng5 20. Nxg5 Qxg5 21. f4 $14 {
Petrosian,T-Dorfman,I/USSR-ch/1976/}) 14... a5 (14... Nf8 15. Ne5 (15. Nc5 Bd6
16. Ne4 Bc7 17. Nc5 Bd6 18. Nd3 Bd7 19. e4 Be8 20. Qe2 Bc7 21. e5 Bb6 22. Qe3
a5 23. Rd2 a4 $132 {Chernin,A-Dreev,A/Moscow/1989/}) (15. a3 a5 16. Ba2 (16.
Bb3 $5) 16... Bd7 17. Nc5 Ra7 18. e4 (18. Ne5 Be8 19. f4 Kh8 20. Qf2 f6 21. Nf3
b6 22. Nd3 a4 23. g4 Ra5 $132 {Bellon,J-Dreev,A/Logrono/1991/}) 18... Be8 19.
e5 b6 20. Na4 (20. Ne4 a4 $132) 20... Raa8 $10 {1/4-1/4/Sakaev,K-Dreev,A/Brno/
1992/}) 15... Bd7 16. Be2 $6 Be8 $10 {Mackey-Dreev,A/Arnhem-chjr/1988/}) (14...
b6 15. Bb5 cxb5 16. Qxc7 Ba6 17. Nd6 Kf8 18. Ne5 $16) 15. Bb3 $5 Nf8 16. a3 Bd7
17. Nc5 Ra7 18. e4 $1 Be8 19. e5 $14 Bb6 20. Ne4 Raa8 $1 {/\Rd7,Rad8,><d4} 21.
Ba2 Rd7 (21... a4 $2 22. Nc3 c5 23. d5 $16) 22. Qb3 Ba7 (22... Qd8 $6 23. Nc5
$16) 23. Nd6 Qd8 $1 (23... Rad8 24. Qc3 $16 {><a5}) 24. Nxb7 $2 (24. Bb1 $16)
24... Rxb7 $1 25. Qxb7 Bb6 $1 $44 26. d5 $5 (26. Rxc6 Rb8 27. Rxb6 Rxb7 28.
Rxb7 Bc6 29. Rb3 Bd5 $15) 26... cxd5 (26... exd5 27. Rxc6 Rb8 28. Rxb6 Rxb7 29.
Rxb7 Bc6 30. Bxd5 Bxd5 31. Rb5 $16) 27. Nd4 Ng6 28. Nc6 Bxc6 29. Qxc6 (29. Rxc6
$6 Rb8 30. Qa6 Nxe5 $36) 29... Nxe5 30. Qc2 Ng4 31. Rf1 (31. Rd2 $2 Qg5 $40)
31... Rb8 32. Bb1 (32. h3 Nxf2 $5 33. Rxf2 Bd4 34. Rb1 Qh4 $40 {><a2}) 32... g6
33. h3 Nf6 34. Qd2 Kg7 35. Rc6 $13 Qd7 $6 (35... Bc7 $142 $44) 36. Rfc1 Qa7 $6
$138 37. Qf4 $138 Rb7 $6 38. Rc8 $40 Nd7 39. Qd6 Bd4 40. Kh1 $6 (40. Qe7 $1 Nb6
$140 41. Qd8 $18) 40... Be5 $6 (40... Bxb2 41. Qe7 $3 {/\Qd8->}) 41. Qe7 $18 (
41. Qe7 {/\Qd8} Nb6 (41... Qxf2 42. Qd8 {/\Qh8#} f5 43. Qe7#) (41... Qb6 42.
Qe8 Kf6 43. R1c6 Qxb2 44. Qd8+ $18) (41... g5 42. Qd8 f5 43. Qe7+ Kg6 44. Qxe6+
$18) (41... h5 42. Qe8 Kh6 (42... Kf6 43. Qd8+) (42... f5 43. Qxe6 Rb6 44. Rg8+
Kh7 45. Qe7+ Kh6 46. Rcc8 Bf6 47. Rh8+ Kg5 48. Qe3+ f4 49. h4+ $18) 43. Qxf7
$18) 42. Qd8 Nxc8 43. Rxc8 f5 44. Qf8+ Kh7 45. Qg8#) 1-0

[Event "Novgorod"]
[Site "Novgorod"]
[Date "1994.??.??"]
[Round "5"]
[White "Kramnik, Vladimir"]
[Black "Bareev, Evgeny"]
[Result "1-0"]
[WhiteElo "2725"]
[BlackElo "2675"]
[Annotator "Kharitonov,A"]
[PlyCount "70"]
[EventDate "1994.08.??"]
[EventType "tourn"]
[EventRounds "10"]
[EventCountry "RUS"]
[EventCategory "19"]
[SourceTitle "CBM 043"]
[Source "ChessBase"]
[SourceDate "1994.12.01"]
[SourceVersion "1"]
[SourceVersionDate "1994.12.01"]
[SourceQuality "1"]

1. Nf3 d5 2. d4 Nf6 3. c4 c6 4. Nc3 e6 5. Bg5 h6 6. Bxf6 Qxf6 7. e3 Nd7 8. Bd3
Qd8 9. O-O Be7 10. a3 O-O 11. Qc2 a6 12. b4 $5 dxc4 $5 $146 (12... f5 13. c5
Bf6 14. a4 g5 $6 (14... g6 $142 {/\ e5}) 15. b5 a5 16. Ne2 $14 {Kramnik,
V-Illescas Cordoba,M (04)/ Alcobendas m/ 1993/ 1:0/ 37}) 13. Bxc4 a5 14. Qb3
$16 (14. b5 c5 15. Rfd1 Qc7 16. d5 Nb6 $13) 14... Nb6 15. Ne5 $5 (15. Be2 axb4
16. axb4 Rxa1 17. Rxa1 Nd5 18. b5 Qb6 19. Na4 Qa5 20. Rc1 $14) 15... Nxc4 16.
Qxc4 Bd7 17. Ne4 $1 Be8 (17... Qc7 18. Nc5 $16) 18. Nc5 Qc8 (18... Qc7 19. Rae1
$16) 19. bxa5 $1 Rxa5 20. Qc3 Ra7 21. Nc4 f6 (21... b5 22. Ne5 f6 23. Ned3 $16)
(21... Bxc5 22. dxc5 Qc7 23. Rfd1 $16) 22. Nb6 Qc7 23. Rab1 Bf7 24. f4 Bd6 25.
a4 $1 Qe7 (25... e5 26. dxe5 fxe5 27. f5 e4 28. h3 $16) 26. a5 $6 (26. Ne4 $142
Bb8 27. a5) 26... Rd8 $2 (26... Bxc5 $2 27. dxc5 Rd8 28. Rfd1 $18) (26... e5 $5
$132) 27. Rb2 Kh8 $6 (27... e5 28. fxe5 fxe5 29. Rbf2 exd4 30. exd4 $36) (27...
Bxc5 $5 28. dxc5 Bg6 $132) 28. Ne4 $1 Bc7 (28... Bg6 29. Nxd6 Qxd6 30. Rc1 $16)
29. Nc4 Rd5 30. Nc5 (30. Rfb1 $6 Bxa5 31. Nxa5 Rdxa5 32. Rxb7 Rxb7 33. Rxb7
Qxb7 34. Qxa5 Qb1+ $19) 30... e5 (30... Bd8 31. Rfb1 Bg6 32. Rxb7 Bxb1 33. Rxe7
Rxe7 (33... Bxe7 34. Nb6 Rd8 35. Nxe6 $18) 34. Qb4 Ba2 35. Nb6 Bxb6 36. axb6
$18) (30... Rxc5 31. dxc5 Qxc5 32. Qb4 $18) 31. fxe5 $18 Rxc5 (31... fxe5 32.
Nxb7 exd4 33. exd4 Rxb7 34. Rxb7 Bxh2+ 35. Kxh2 Qxb7 36. a6 Qc7+ 37. Ne5 Bg8
38. Ra1 $18) 32. dxc5 Bxc4 (32... Qxc5 33. exf6 Qxc4 (33... Bxc4 34. fxg7+ Kh7
35. Rf8 $18) 34. Qxc4 Bxc4 35. f7 $18) 33. exf6 (33. Qxc4 Qxe5 $132) 33... Qe4
(33... gxf6 34. Qxc4 Qe5 35. Qf4 Qxb2 36. Qxh6+ Kg8 37. Qg6+ Kh8 38. Qe8+ Kg7
39. Qe7+ $18) 34. f7 Bxf7 35. Rxf7 Rxa5 $2 (35... Be5 36. Rb4 $18) 1-0

[Event "Linares-03"]
[Site "Linares"]
[Date "1981.01.21"]
[Round "4"]
[White "Portisch, Lajos"]
[Black "Ljubojevic, Ljubomir"]
[Result "1/2-1/2"]
[WhiteElo "2650"]
[BlackElo "2605"]
[Annotator "Kharitonov,A"]
[PlyCount "63"]
[EventDate "1981.01.17"]
[EventType "tourn"]
[EventRounds "11"]
[EventCountry "ESP"]
[EventCategory "13"]
[SourceTitle "MCL"]
[Source "ChessBase"]
[SourceDate "1999.07.01"]
[SourceVersion "1"]
[SourceVersionDate "1999.07.01"]
[SourceQuality "1"]

1. d4 Nf6 2. c4 e6 3. Nf3 d5 4. Nc3 c6 5. Qb3 a5 $5 (5... Nbd7 6. Bg5 Be7 (6...
Qa5 $5) 7. e3 O-O 8. Bd3 a5 $6 (8... dxc4 9. Qxc4 c5 $13) 9. a3 $1 $14 {
Vyzmanavin,A-Sveshnikov,E/URS ch 1L/1984/0,5 (41) Inf 39/514/}) 6. e3 (6. Bg5
a4 7. Nxa4 dxc4 8. Qc2 Qa5+ 9. Nc3 $13) 6... Nbd7 (6... a4 $5 7. Qc2 a3 8. b3
b6 $13) 7. Qc2 Bd6 8. b3 O-O 9. Be2 Re8 (9... e5 10. dxe5 Nxe5 11. cxd5 Nxd5
12. Nxd5 cxd5 13. Bb2 Bb4+ 14. Kf1 Nxf3 15. Bxf3 $14) 10. O-O b6 (10... dxc4
11. bxc4 e5 12. Bb2 $13) 11. Bb2 Bb7 12. Rac1 (12. e4 $5 dxe4 13. Nxe4 Nxe4 14.
Qxe4 Nf6 15. Qh4 c5 16. Rad1 $14) 12... Qe7 13. Rfd1 (13. e4 dxe4 14. Nxe4 Nxe4
15. Qxe4 e5 (15... Nf6 16. Qh4 c5 17. Rcd1 $10) 16. dxe5 Nxe5 17. Nxe5 c5 $1
18. Qe3 Bxe5 19. Qxe5 Qxe5 20. Bxe5 Rxe5 $10) 13... Ba3 (13... dxc4 $6 14. bxc4
e5 15. c5 $1 bxc5 16. dxe5 Nxe5 17. Nxe5 Qxe5 18. g3 Qe7 19. Na4 $16) 14. Bxa3
Qxa3 15. Ne5 (15. Bd3 $5 Qe7 16. Qb2 $14) 15... Nxe5 16. dxe5 Nd7 17. f4 $14
Red8 (17... Qc5 $2 18. Qd2 $16) (17... f6 18. exf6 Nxf6 19. e4 (19. Bf3 $5)
19... dxe4 20. Nxe4 Nxe4 21. Qxe4 Qc5+ (21... Re7 22. c5 $1 bxc5 23. Rc2 $16)
22. Kh1 Re7 $14) 18. Kh1 Qe7 19. Na4 Rac8 20. Qb2 (20. e4 b5 $1 21. Nc3 dxc4
22. bxc4 b4 23. Na4 Nc5 $15) 20... Rb8 21. Qc2 (21. cxd5 exd5 22. Bf3 b5 23.
Nc3 Nb6 $132) 21... Ba8 (21... dxc4 $6 22. bxc4 $16) 22. cxd5 (22. e4 dxc4 23.
bxc4 b5 24. cxb5 cxb5 25. Nc3 Rdc8 $13) 22... exd5 23. e4 dxe4 24. Qxe4 c5 25.
Qe3 Bc6 26. Nc3 (26. Rd6 Bxa4 27. bxa4 Nf8 28. Rcd1 Ne6 $13) 26... Nf8 27. Bb5
(27. f5 $2 Re8) (27. Bf3 Bxf3 28. Qxf3 Ne6 29. Nb5 (29. Nd5 Qb7 $1) 29... Nd4
30. Nxd4 Rxd4 31. Rxd4 cxd4 $10) 27... Bxb5 (27... Ba8 28. f5 $16) 28. Nxb5 f6
$1 $132 29. Nd6 fxe5 30. Qxe5 (30. fxe5 Ng6 31. Nc4 b5 32. Nxa5 Qxe5 33. Qxe5
Nxe5 $10) 30... Qxe5 31. fxe5 Ne6 32. Rf1 (32. Rf1 Rd7 {/\Nd4,Re7=/}) 1/2-1/2

[Event "Olympiad-32"]
[Site "Yerevan"]
[Date "1996.09.19"]
[Round "4.3"]
[White "Dautov, Rustem"]
[Black "Dreev, Alexey"]
[Result "0-1"]
[WhiteElo "2615"]
[BlackElo "2645"]
[Annotator "Kharitonov,A"]
[PlyCount "147"]
[EventDate "1996.09.15"]
[EventType "team-swiss"]
[EventRounds "14"]
[EventCountry "ARM"]
[SourceTitle "CBM 055"]
[Source "ChessBase"]
[SourceDate "1996.12.01"]
[SourceVersion "1"]
[SourceVersionDate "1996.12.01"]
[SourceQuality "1"]
[WhiteTeam "Germany"]
[BlackTeam "Russia"]
[WhiteTeamCountry "GER"]
[BlackTeamCountry "RUS"]

1. d4 d5 2. c4 c6 3. Nf3 Nf6 4. Nc3 e6 5. Bg5 h6 6. Bxf6 Qxf6 7. e3 Nd7 8. Bd3
dxc4 9. Bxc4 g6 10. O-O Bg7 11. Ne4 (11. b4 O-O 12. Rc1 Qe7 13. Qb3 Rd8 14.
Rfd1 $5 (14. a4 a5 15. bxa5 (15. b5 c5 16. d5 Nb6 $132) 15... Rxa5 16. Rfd1 b6
17. Be2 Bb7 18. Nd2 c5 $13 {Beliavsky,A-Dreev,A/Novosibirsk/1995/0,5/46/})
14... b6 (14... a5 $5 15. b5 c5 16. d5 Nb6 17. dxe6 Rxd1+ 18. Nxd1 Nxc4 19.
exf7+ Qxf7 20. Qxc4 Qxc4 21. Rxc4 Be6 $146 (21... b6 $5 $146)) 15. b5 c5 16. d5
Nf8 17. dxe6 Bxe6 18. Nd5 Qb7 19. h3 Rd7 20. Rd2 Rad8 21. Rcd1 Kh8 22. Nf4 $1
Bxc4 23. Qxc4 $14 {Ionov,S-Yagupov,I/St-Petersburg/1995/1|0/60/}) 11... Qe7 12.
Qc2 {N/} (12. Rc1 $5 O-O 13. Bb3 Rd8 14. Qc2 Nf6 15. Nc5 (15. Rfd1 $5 $14) (15.
Ne5 $5 $14) 15... b6 16. Ne5 Rd6 17. Ncd3 Bb7 18. Ba4 Rc8 19. b4 $14 {Dautov,
R-Dreev,A/Reggio Emilia/1995/0|1/60/}) 12... O-O 13. Bb3 e5 14. Rfe1 $6 (14. d5
cxd5 15. Bxd5 Nb6 16. Bb3 Bf5 17. Qc5 Qxc5 18. Nxc5 Rab8 $10) 14... Kh8 15.
Ned2 (15. d5 $2 cxd5 16. Bxd5 f5 17. Nc3 e4 18. Nd4 Ne5 $17) 15... Re8 16. Nc4
(16. d5 $2 cxd5 17. Bxd5 Nf6 18. Bb3 Bf5 19. e4 Rac8 $17) 16... e4 17. Nfe5 $6
(17. Nfd2 $5 Nf8 $22 18. h3 Bf5 19. Rac1 Rad8 $15) 17... Nxe5 18. dxe5 (18.
Nxe5 Bxe5 19. dxe5 Bf5 20. Rad1 Kg7 21. e6 fxe6 $15) 18... Bf5 $15 19. Rad1 Rf8
20. Nd6 (20. Qc3 Rae8 21. Nd6 Bxe5) 20... Bxe5 21. Nxf5 gxf5 22. Rd2 Rad8 23.
Red1 Kg7 24. Qc4 $6 (24. Rxd8 $5 Rxd8 25. Rxd8 Qxd8 26. Bc4 $22 Qd6 27. g3 h5
28. b3 $15) 24... Rxd2 25. Rxd2 Rc8 26. a4 Rc7 27. g3 a6 (27... Rd7 28. Rxd7
Qxd7 29. Qc5 $10) 28. Bd1 (28. a5 Rd7 29. Rxd7 Qxd7 $15) 28... b5 29. Qb3 Qe6
30. Qc2 c5 $1 31. axb5 axb5 32. b3 c4 33. bxc4 bxc4 $17 34. Qa2 Kf6 35. Qa8 Rc8
36. Qa5 c3 37. Ra2 h5 $5 38. h4 Qd6 39. Qa6 (39. Qa4 Rg8 40. Qa6 Rb8 $17) 39...
Rb8 40. Qxd6+ Bxd6 41. Bc2 (41. Bxh5 $2 Rb2 $19) 41... Ke5 42. Kf1 (42. Ra5+
Ke6 43. Ra2 Kd5 $17) 42... Kd5 43. Ke1 Kc4 44. Ra7 f6 45. Ra6 Rd8 46. Ra1 Bb4
47. Rd1 Ra8 48. Rb1 (48. Rd4+ $2 Kc5 49. Kd1 Ra1+ 50. Ke2 Rc1 51. Bb3 c2 52.
Rc4+ Kb5 53. Rxc2 Re1#) 48... Ra3 49. Ke2 Ra6 50. Ke1 Ra3 51. Ke2 Ra7 52. Ke1
Kc5 53. Ke2 Ra2 54. Kd1 Kc4 $1 55. Kc1 (55. Bb3+ Kd3 56. Bxa2 c2+ 57. Kc1 Ba3+
58. Rb2 Kc3 $19) 55... Ba3+ 56. Kd1 Bb4 57. Kc1 Ra5 58. Bb3+ (58. Kd1 Rd5+ $19)
(58. Bd1 $22 Rd5 (58... Ra2 59. Bb3+ Kd3 60. Bxa2 Ba3+ 61. Kd1 c2+ 62. Ke1
cxb1=Q+ 63. Bxb1+ $16) 59. Bb3+ Kd3 60. Bc2+ Ke2 61. Rxb4 Kxf2 62. Rc4 Kxg3 63.
Rxc3 Kxh4 64. Bd1 Kg5 65. Rc8 $132) 58... Kd3 59. Bc2+ (59. Kd1 Ra2 $1 $19)
59... Kc4 60. Bb3+ Kd3 61. Bc2+ Ke2 $1 62. Rxb4 Kxf2 63. Bd1 (63. Bxe4 fxe4 64.
Rxe4 Kxg3 65. Rf4 f5 66. Kc2 Re5 $19) 63... Kxe3 64. Kc2 (64. Bxh5 Kd3 65. Rb1
f4 $19) 64... Kf2 65. Bxh5 Kxg3 66. Bd1 (66. Kxc3 f4 67. Bd1 e3 $19) 66... e3
$1 67. Kxc3 f4 68. Rb6 Rd5 69. Be2 f3 70. Bxf3 Kxf3 71. Rxf6+ Kg2 $19 72. Re6 (
72. Kc4 Re5 $19) 72... Kf2 73. Rf6+ Ke1 74. Kc2 (74. Kc2 e2 75. Rf8 Rc5+ 76.
Kb2 Kd2 77. Rd8+ Ke3 78. Re8+ Kd3 79. Rd8+ Ke4 $19) 0-1

[Event "Altensteig-A"]
[Site "Altensteig"]
[Date "1993.??.??"]
[Round "11"]
[White "Jussupow, Artur"]
[Black "Knaak, Rainer"]
[Result "1/2-1/2"]
[WhiteElo "2630"]
[BlackElo "2525"]
[Annotator "Knaak,R"]
[PlyCount "37"]
[EventDate "1993.07.07"]
[EventType "tourn"]
[EventRounds "11"]
[EventCountry "GER"]
[EventCategory "12"]
[SourceTitle "CBM 037"]
[Source "ChessBase"]
[SourceDate "1993.12.01"]
[SourceVersion "1"]
[SourceVersionDate "1993.12.01"]
[SourceQuality "1"]

1. d4 e6 2. Nf3 d5 3. c4 Nf6 4. Nc3 c6 5. Bg5 h6 6. Bxf6 Qxf6 7. e3 Nd7 8. Bd3
dxc4 $1 9. Bxc4 g6 $1 {Das fiel mir am Brett ein. Weiß schafft e4-e5 nicht
mehr.} 10. O-O Bg7 11. e4 e5 {= laut Dautow, aber Schwarz muß es noch beweisen.
} 12. d5 Nb6 $1 13. Bb3 $1 {Nur so kann Weiß etwas spielen.} O-O (13... Bg4 $6
14. Na4 $1 $14) 14. a4 (14. h3 cxd5 15. Nxd5 Nxd5 16. Bxd5 Be6 $11) (14. Qe2
Bg4 15. Rfd1 c5 $11) 14... a5 $11 15. Qe2 Bg4 $1 16. Rfd1 Bxf3 $1 17. Qxf3 Qxf3
18. gxf3 Rfd8 19. Rac1 {Er bot an und ich zögerte nicht.} (19. Rac1 Bf6 $11)
1/2-1/2